Solitudo carnis : el cuerpo en la edad media /
Guardado en:
| Autor Principal: | |
|---|---|
| Formato: | Libro |
| Publicado: |
Madrid :
Nerea,
1995
|
| Edición: | 2a. ed. |
| Materias: | |
| Etiquetas: |
Agregar Etiqueta
Sin Etiquetas, Sea el primero en etiquetar este registro!
|
| LEADER | 00634nam a22002175a 4500 | ||
|---|---|---|---|
| 001 | EHU.bham027133 | ||
| 003 | AR-BHAM | ||
| 005 | 20110510125147.0 | ||
| 008 | 130507s1995##################000#0#####d | ||
| 082 | 9 | 4 | |a 940.1 |
| 100 | 1 | |a Fumagalli, Vito | |
| 245 | 1 | 0 | |a Solitudo carnis : |b el cuerpo en la edad media / |c Vito Fumagalli |
| 250 | |a 2a. ed. | ||
| 260 | |a Madrid : |b Nerea, |c 1995 | ||
| 300 | |a 114 p. | ||
| 500 | |a Trad. Por J. Gomez Rea | ||
| 653 | |a Cuerpo humano | ||
| 653 | |a Edad media-vida cotidiana | ||
| 653 | |a Mujer-historia | ||
| 653 | |a Sexualidad-edad media | ||
| 859 | |a AR-BHAM |b BIB. HUMANIDADES - General |h 940.1 |i F961 |p 907.04 |t Ej.1 | ||
